Top gun
| Main Author: | |
|---|---|
| Format: | Book |
| Published: |
London :
Quantum Books Ltd. ,
2002
|
| Subjects: |
MARC
| LEADER | 00000cam a2200000 7i4500 | ||
|---|---|---|---|
| 001 | 0000067579 | ||
| 005 | 20030813.0 | ||
| 020 | |a 1861604165 | ||
| 090 | 0 | 0 | |a 623.7464 |b CHA |
| 100 | 1 | |a Chant, Christopher | |
| 245 | 1 | 0 | |a Top gun |c Christopher Chant |
| 260 | |a London : |b Quantum Books Ltd. , |c 2002 | ||
| 300 | |a 205p. ; |c 28cm. | ||
| 500 | |a Includes index | ||
| 650 | 0 | 0 | |a Fighter planes |
| 650 | 0 | 0 | |a Fighter planes |x History |
| 999 | |a 00153802 |b BUKU |c PINJAMAN |e PERPUSTAKAAN KOMUNITI PETALING JAYA | ||